|
|
|
|
| LEADER |
00000nam a2200000 a 4500 |
| 001 |
vtls001266686 |
| 003 |
SK-MaSNL |
| 005 |
20260301234602.0 |
| 008 |
240315s1979 xr oab 0 000 cze |
| 035 |
|
|
|a SNK000217632
|
| 040 |
|
|
|a SNK
|b slo
|c SNK
|e AACR2
|
| 041 |
|
|
|a cze
|
| 044 |
|
|
|a xr
|c CZ
|
| 080 |
|
|
|a 504
|2 2001
|
| 080 |
|
|
|a (035)
|2 2001
|
| 100 |
1 |
|
|a Moldan, Bedřich,
|d 1935-
|4 aut
|9 131996
|
| 245 |
1 |
|
|a Životní prostředí očima přírodovědce
|c Bedřich Moldan, Jaroslav Zýka, Jan Jeník ; přebal Josef Zezulka
|
| 250 |
|
|
|a 1. vyd.
|
| 260 |
|
|
|a Praha
|b Academia
|c 1979
|
| 300 |
|
|
|a 166 s.
|b Fotogr. Sch. Mp.
|c 24 cm
|
| 650 |
0 |
7 |
|a životné prostredie
|2 SNKPH
|9 786
|
| 650 |
0 |
7 |
|a ekosystémy
|2 SNKPH
|9 3902
|
| 655 |
|
7 |
|a príručky
|2 SNKPH
|9 74364
|
| 700 |
1 |
|
|a Zýka, Jaroslav,
|d 1922-2010
|4 aut
|9 281494
|
| 700 |
1 |
|
|a Jeník, Jan,
|d 1929-2022
|4 aut
|9 6697
|
| 700 |
1 |
|
|a Zezulka, Josef
|4 cov
|9 453048
|
| 958 |
|
|
|a OND
|
| 999 |
|
|
|c 970796
|d 972726
|
| 952 |
|
|
|t P60, <04>, [BOOK], {604}
|a SNK
|b SNK
|y VYP
|7 0
|p 17A0018841
|o snkIC 79313 D1
|0 0
|1 1
|4 0
|d 1996-11-19
|l 0
|r 2005-01-01 00:00:00
|w 2026-02-24
|